Mercado laboral y pobreza en Centroamérica: ganadores y perdedores del ajuste estructural /
Analiza cómo están asociados los factores de la dimensión del empleo con las del hogar el primero como puente entre lo económico y lo social, entre las transformaciones productivas y las respuestas del hogar, entre los mercados laborales y la pobreza. El trabajo está basado en las observaciones de l...
Guardado en:
| Hovedforfatter: | |
|---|---|
| Andre forfattere: | |
| Format: | Ukendt |
| Udgivet: |
San José:
FLACSO. Programa Costa Rica
|
| Fag: | |
| Tags: |
Tilføj Tag
Ingen Tags, Vær først til at tagge denne postø!
|
MARC
| LEADER | 00000 a2200000 04500 | ||
|---|---|---|---|
| 001 | 11765 | ||
| 003 | |||
| 008 | 991231s d | ||
| 040 | |||
| 090 | |a 140802 | ||
| 100 | |a Funkhouser, Edward | ||
| 245 | |a Mercado laboral y pobreza en Centroamérica: ganadores y perdedores del ajuste estructural / |c Edward Funkhouser | ||
| 260 | |a San José: |b FLACSO. Programa Costa Rica | ||
| 300 | |a 376 p. | ||
| 520 | |a Analiza cómo están asociados los factores de la dimensión del empleo con las del hogar el primero como puente entre lo económico y lo social, entre las transformaciones productivas y las respuestas del hogar, entre los mercados laborales y la pobreza. El trabajo está basado en las observaciones de las encuestas Sociodemográficas de 1986 y 1989. Se guía por las hipótesis que giran en torno a cuatro aspectos principales: al empleo en la dimensión de la demanda, al perfil de la oferta laboral, la evolución de los ingresos laborales y la vinculación entre empleo y pobreza dentro de la unidad doméstica. El objeto de análisis central son los mercados laborales, observa su dinámica: evolución y recomposición de la fuerza de trabajo en la cuarta sección presenta el análisis y en la quinta se analiza la evolución y los determinantes de la pobreza en el hogar finalmente intenta resumir los hallazgos alrededor de las transformaciones ocurridas en cuanto a los aspectos esenciales del trabajo. REV/LCL | ||
| 650 | |a MERCADO DE TRABAJO | ||
| 650 | |a EMPLEO | ||
| 650 | |a INGRESOS DE HOGARES | ||
| 650 | |a POBREZA | ||
| 650 | |a AJUSTE ESTRUCTURAL | ||
| 650 | |a INDICADORES ECONOMICOS | ||
| 650 | |a INDICADORES SOCIALES | ||
| 650 | |a EMPLEO | ||
| 650 | |a INGRESOS DE HOGARES | ||
| 700 | |a Pérez Sáinz, Juan Pablo | ||
| 999 | |c 16942 |d 16942 | ||
